000 00439nam a2200181Ia 4500
001 3016
005 20260306144849.0
008 260306t1993||||xx |||||||||||||| ||spa||
041 _aESP
082 _a241.4
_bT69
100 _aTomás de Aquino
_eAUT
245 0 _aCuestión disputada sobre las virtudes cardinales
260 _c1993
300 _a65 páginas :
_c20 cm.
650 _aGEN
654 _aCHU
942 _cLIB
_dJUS
_fJUS
_2ddc
_n
999 _c3016
_d3016